| 000 | 00577nam a22001937a 4500 | ||
|---|---|---|---|
| 003 | OSt | ||
| 005 | 20140310182208.0 | ||
| 008 | 130905t xxu||||| |||| 00| 0 eng d | ||
| 020 | _a0882666770 | ||
| 050 |
_aTJ 163.5.D86 _b.Al43 1990 |
||
| 082 |
_aHS 644.20 _bAl 1 1990 |
||
| 100 |
_aAlbright, Roger _916630 |
||
| 245 |
_a547 tips for saving energy in your home / _cRoger Albright. |
||
| 260 |
_aVermont : _bStorey Communication, Inc, _cc1990. |
||
| 300 |
_a120 p. : _c23 cm. |
||
| 650 |
_aOwellings _xEnergy conservation. _916631 |
||
| 942 |
_2lcc _cHS |
||
| 999 |
_c10404 _d10404 |
||